Derecho procesal civil

保存先:
書誌詳細
第一著者: Guasp Delgado, Jaime (著者)
フォーマット: 図書
言語:スペイン語
出版事項: Madrid Instituto de Estudios Políticos 1968
版:3a. ed
主題:
タグ: タグ追加
タグなし, このレコードへの初めてのタグを付けませんか!

MARC

LEADER 00000nam a2200000 a 4500
001 UCS2151
003 CL-VaPUC
008 970516e19680000SP |||||||||||||||||spa|d
082 0 4 |a 347.46  |b GUA  |2 21 
100 |a Guasp Delgado, Jaime  |e author  |9 387244 
245 1 0 |a Derecho procesal civil 
250 |a 3a. ed 
300 |a 2 v 
942 |c BK 
945 |d 19970516 00:00:00  |a lriquelm 
260 |a Madrid  |b Instituto de Estudios Políticos  |c 1968 
500 |a v.2: Parte Especial 
650 0 |a Juicio ejecutivo  |9 254866 
650 7 |a JUICIO SUMARIO  |2 CL-VaPUC  |9 254868 
650 0 |a Procedimiento civil  |9 254870 
650 0 |a Recursos procesales  |9 255595 
583 |a last modification  |c 19970516 00:00:00  |k Rodrigo Vera 
999 |c 260142  |d 260140 
952 |0 0  |1 0  |4 0  |6 347_460000000000000_GUA_1968  |7 0  |8 A  |9 285785  |a BIBDER  |b BIBDER  |d 2019-11-19  |h v.2  |i 2523132  |o 347.46 GUA 1968  |p 2523132  |r 2023-01-25  |w 2019-11-19  |y BK  |k DER